Código de procedimiento civil (Registro nro. 20446)

Detalles MARC
000 -LEADER
fixed length control field 00989nmm a2200313 a 4500
001 - CONTROL NUMBER
control field 0000014702
003 - CONTROL NUMBER IDENTIFIER
control field CO-CtgCURN
005 - DATE AND TIME OF LATEST TRANSACTION
control field 20250515223825.0
007 - PHYSICAL DESCRIPTION FIXED FIELD--GENERAL INFORMATION
fixed length control field co cga---uuuuu
007 - PHYSICAL DESCRIPTION FIXED FIELD--GENERAL INFORMATION
fixed length control field ta
008 - FIXED-LENGTH DATA ELEMENTS--GENERAL INFORMATION
fixed length control field 160627s2003 i eng d
020 ## - INTERNATIONAL STANDARD BOOK NUMBER
International Standard Book Number 9586531058
040 ## - CATALOGING SOURCE
Original cataloging agency CO-CtgCURN
Language of cataloging spa
Transcribing agency coctgcurn
082 0# - DEWEY DECIMAL CLASSIFICATION NUMBER
Classification number 347.05
Item number L34c
110 2# - MAIN ENTRY--CORPORATE NAME
Corporate name or jurisdiction name as entry element Legis.
245 10 - TITLE STATEMENT
Title Código de procedimiento civil
Medium [electronic resource] /
Statement of responsibility, etc. Legis.
250 ## - EDITION STATEMENT
Edition statement 12a ed.
260 ## - PUBLICATION, DISTRIBUTION, ETC.
Place of publication, distribution, etc. Bogotá :
Name of publisher, distributor, etc. Legis,
Date of publication, distribution, etc. 2003.
300 ## - PHYSICAL DESCRIPTION
Extent 617 p. + 1 Cd - Rom.
336 ## - CONTENT TYPE
Source rdacontent
337 ## - MEDIA TYPE
Source rdamedia
Media type term sin mediacion
Media type code n
338 ## - CARRIER TYPE
Source rdacarrier
Carrier type term volumen
Carrier type code nc
490 1# - SERIES STATEMENT
Series statement Colección códigos basicos
505 8# - FORMATTED CONTENTS NOTE
Formatted contents note Sujetos del proceso.--Actos procesales.--Los procesos.--Medidas cautelares.--Cuestiones varias
650 14 - SUBJECT ADDED ENTRY--TOPICAL TERM
Topical term or geographic name entry element Código de procedimiento civil.
908 ## - PUT COMMAND PARAMETER (RLIN)
Put command parameter 160627
942 ## - ADDED ENTRY ELEMENTS (KOHA)
Koha item type Libros
Classification part 347.05
Item part L34c
Source of classification or shelving scheme Dewey Decimal Classification
Suppress in OPAC No
Existencias
Withdrawn status Lost status Source of classification or shelving scheme Damaged status Not for loan Collection Home library Current library Shelving location Date acquired Inventory number Total checkouts Full call number Barcode Date last seen Copy number Price effective from Koha item type Public note
    Dewey Decimal Classification     General Miguel Henríquez Castañeda Miguel Henríquez Castañeda General 03/31/2025 005546   347.05 L34c 005546 03/31/2025 ej.1 03/31/2025 Libros 340-DEREC